<?xml version="1.0" encoding="UTF-8"?>
<record
    xmlns:xsi="http://www.w3.org/2001/XMLSchema-instance"
    xsi:schemaLocation="http://www.loc.gov/MARC21/slim http://www.loc.gov/standards/marcxml/schema/MARC21slim.xsd"
    xmlns="http://www.loc.gov/MARC21/slim">

  <leader>01711cam a2200361 a 4500</leader>
  <controlfield tag="001">17361479</controlfield>
  <controlfield tag="003">OSt</controlfield>
  <controlfield tag="005">20150408114220.0</controlfield>
  <controlfield tag="008">120622s2013    moua   f b    001 0 eng  </controlfield>
  <datafield tag="010" ind1=" " ind2=" ">
    <subfield code="a">  2012025727</subfield>
  </datafield>
  <datafield tag="020" ind1=" " ind2=" ">
    <subfield code="a">9781455745456 (pbk. : alk. paper)</subfield>
  </datafield>
  <datafield tag="035" ind1=" " ind2=" ">
    <subfield code="a">(DNLM)101586852</subfield>
  </datafield>
  <datafield tag="040" ind1=" " ind2=" ">
    <subfield code="a">DNLM/DLC</subfield>
    <subfield code="c">DLC</subfield>
    <subfield code="d">DLC</subfield>
  </datafield>
  <datafield tag="042" ind1=" " ind2=" ">
    <subfield code="a">pcc</subfield>
  </datafield>
  <datafield tag="050" ind1="0" ind2="0">
    <subfield code="a">RA427.8</subfield>
    <subfield code="b">.L455 2013</subfield>
  </datafield>
  <datafield tag="060" ind1="1" ind2="0">
    <subfield code="a">WS 103</subfield>
  </datafield>
  <datafield tag="082" ind1="0" ind2="0">
    <subfield code="a">613 LGG</subfield>
    <subfield code="2">23</subfield>
  </datafield>
  <datafield tag="100" ind1="1" ind2=" ">
    <subfield code="a">Leifer, Gloria.</subfield>
    <subfield code="9">19872</subfield>
  </datafield>
  <datafield tag="245" ind1="1" ind2="0">
    <subfield code="a">Growth and development across the lifespan :</subfield>
    <subfield code="b">a health promotion focus /</subfield>
    <subfield code="c">Gloria Leifer, Eve Fleck.</subfield>
  </datafield>
  <datafield tag="250" ind1=" " ind2=" ">
    <subfield code="a">2nd ed.</subfield>
  </datafield>
  <datafield tag="260" ind1=" " ind2=" ">
    <subfield code="a">St. Louis, Mo. :</subfield>
    <subfield code="b">Elsevier,</subfield>
    <subfield code="c">c2013.</subfield>
  </datafield>
  <datafield tag="300" ind1=" " ind2=" ">
    <subfield code="a">xvi, 316 p. :</subfield>
    <subfield code="b">ill. (chiefly col.) ;</subfield>
    <subfield code="c">23 cm.</subfield>
  </datafield>
  <datafield tag="504" ind1=" " ind2=" ">
    <subfield code="a">Includes bibliographical references (p. 276-298) and index.</subfield>
  </datafield>
  <datafield tag="505" ind1="0" ind2=" ">
    <subfield code="a">Healthy people 2020 -- Government influences on health care -- Cultural considerations in health care -- The influence of family on developing a lifestyle -- Theories of development -- Prenatal influences on healthy development -- The infant -- Early childhood -- Middle childhood -- Adolescence -- Young adulthood -- Middle adulthood -- Late adulthood -- Advanced old-age and geriatrics -- Planning for the end of life -- Loss, grief, and bereavement.</subfield>
  </datafield>
  <datafield tag="650" ind1="1" ind2="2">
    <subfield code="a">Human Development</subfield>
    <subfield code="v">Nurses' Instruction.</subfield>
    <subfield code="9">19873</subfield>
  </datafield>
  <datafield tag="650" ind1="2" ind2="2">
    <subfield code="a">Health Education</subfield>
    <subfield code="x">methods</subfield>
    <subfield code="v">Nurses' Instruction.</subfield>
    <subfield code="9">19874</subfield>
  </datafield>
  <datafield tag="650" ind1="2" ind2="2">
    <subfield code="a">Health Promotion</subfield>
    <subfield code="x">methods</subfield>
    <subfield code="v">Nurses' Instruction.</subfield>
    <subfield code="9">19875</subfield>
  </datafield>
  <datafield tag="650" ind1="2" ind2="2">
    <subfield code="a">Personality Development</subfield>
    <subfield code="v">Nurses' Instruction.</subfield>
    <subfield code="9">19876</subfield>
  </datafield>
  <datafield tag="700" ind1="1" ind2=" ">
    <subfield code="a">Fleck, Eve.</subfield>
    <subfield code="9">45858</subfield>
  </datafield>
  <datafield tag="906" ind1=" " ind2=" ">
    <subfield code="a">7</subfield>
    <subfield code="b">cbc</subfield>
    <subfield code="c">orignew</subfield>
    <subfield code="d">1</subfield>
    <subfield code="e">ecip</subfield>
    <subfield code="f">20</subfield>
    <subfield code="g">y-gencatlg</subfield>
  </datafield>
  <datafield tag="942" ind1=" " ind2=" ">
    <subfield code="2">ddc</subfield>
    <subfield code="c">BOOK</subfield>
  </datafield>
  <datafield tag="999" ind1=" " ind2=" ">
    <subfield code="c">35371</subfield>
    <subfield code="d">269871</subfield>
  </datafield>
  <datafield tag="952" ind1=" " ind2=" ">
    <subfield code="1">0</subfield>
    <subfield code="2">2014-06-23</subfield>
    <subfield code="4">0</subfield>
    <subfield code="7">1</subfield>
    <subfield code="a">613 LGG</subfield>
    <subfield code="c">1</subfield>
    <subfield code="d">2014-06-23</subfield>
    <subfield code="h">CL</subfield>
    <subfield code="i">00307406</subfield>
    <subfield code="m">CL</subfield>
    <subfield code="r">2014-06-23 00:00:00</subfield>
    <subfield code="t">BOOK</subfield>
    <subfield code="w">ddc</subfield>
    <subfield code="y">0</subfield>
  </datafield>
  <datafield tag="952" ind1=" " ind2=" ">
    <subfield code="1">0</subfield>
    <subfield code="2">2014-06-24</subfield>
    <subfield code="4">0</subfield>
    <subfield code="7">0</subfield>
    <subfield code="a">613 LGG</subfield>
    <subfield code="c">2</subfield>
    <subfield code="d">2014-06-24</subfield>
    <subfield code="h">CL</subfield>
    <subfield code="i">00307407</subfield>
    <subfield code="m">CL</subfield>
    <subfield code="r">2014-06-24 00:00:00</subfield>
    <subfield code="t">BOOK</subfield>
    <subfield code="w">ddc</subfield>
    <subfield code="y">0</subfield>
  </datafield>
  <datafield tag="952" ind1=" " ind2=" ">
    <subfield code="1">0</subfield>
    <subfield code="2">2015-10-11</subfield>
    <subfield code="4">0</subfield>
    <subfield code="7">0</subfield>
    <subfield code="a">613 LGG</subfield>
    <subfield code="d">2015-10-11</subfield>
    <subfield code="h">CL</subfield>
    <subfield code="i">00653803</subfield>
    <subfield code="m">CL</subfield>
    <subfield code="r">2015-10-11 00:00:00</subfield>
    <subfield code="t">BOOK</subfield>
    <subfield code="w">ddc</subfield>
    <subfield code="y">0</subfield>
  </datafield>
  <datafield tag="952" ind1=" " ind2=" ">
    <subfield code="1">0</subfield>
    <subfield code="2">2015-10-11</subfield>
    <subfield code="4">0</subfield>
    <subfield code="7">0</subfield>
    <subfield code="a">613 LGG</subfield>
    <subfield code="d">2015-10-11</subfield>
    <subfield code="h">CL</subfield>
    <subfield code="i">00653804</subfield>
    <subfield code="m">CL</subfield>
    <subfield code="r">2015-10-11 00:00:00</subfield>
    <subfield code="t">BOOK</subfield>
    <subfield code="w">ddc</subfield>
    <subfield code="y">0</subfield>
  </datafield>
  <datafield tag="952" ind1=" " ind2=" ">
    <subfield code="1">0</subfield>
    <subfield code="2">2015-10-11</subfield>
    <subfield code="4">0</subfield>
    <subfield code="7">0</subfield>
    <subfield code="a">613 LGG</subfield>
    <subfield code="d">2015-10-11</subfield>
    <subfield code="h">CL</subfield>
    <subfield code="i">00653805</subfield>
    <subfield code="m">CL</subfield>
    <subfield code="r">2015-10-11 00:00:00</subfield>
    <subfield code="t">BOOK</subfield>
    <subfield code="w">ddc</subfield>
    <subfield code="y">0</subfield>
  </datafield>
  <datafield tag="952" ind1=" " ind2=" ">
    <subfield code="1">0</subfield>
    <subfield code="2">2015-10-15</subfield>
    <subfield code="4">0</subfield>
    <subfield code="7">0</subfield>
    <subfield code="a">613 LGG</subfield>
    <subfield code="d">2015-10-15</subfield>
    <subfield code="h">AMF</subfield>
    <subfield code="i">00654475</subfield>
    <subfield code="m">AMF</subfield>
    <subfield code="q">2020-11-30</subfield>
    <subfield code="r">2021-03-25 00:00:00</subfield>
    <subfield code="t">BOOK</subfield>
    <subfield code="w">ddc</subfield>
    <subfield code="y">4</subfield>
  </datafield>
  <datafield tag="952" ind1=" " ind2=" ">
    <subfield code="1">0</subfield>
    <subfield code="2">2015-10-15</subfield>
    <subfield code="4">0</subfield>
    <subfield code="7">0</subfield>
    <subfield code="a">613 LGG</subfield>
    <subfield code="d">2015-10-15</subfield>
    <subfield code="h">AMF</subfield>
    <subfield code="i">00654476</subfield>
    <subfield code="m">AMF</subfield>
    <subfield code="q">2019-08-19</subfield>
    <subfield code="r">2019-11-27 00:00:00</subfield>
    <subfield code="t">BOOK</subfield>
    <subfield code="w">ddc</subfield>
    <subfield code="y">1</subfield>
  </datafield>
</record>
